1227 1602 1269 1265 1602 1686 1804 1215 1201 1537 1431 1669 1837 1455 1396 1587 1327 1067 1037 1172 1853 1014 1537 1712 1226 1346 1379 1000 1070 1922 1491 1089 1698 1416 1488 1375 1447 1997 1620 1722 1957 1504 1083 1552 1961 1619 1983 1271 1864 1415 1275 1692 1180 1706 1397 1648 1496 1690 1656 1733 1716 1068 1059 1379 1025 1274 1585 1022 1656 1567 1156 1406 1366 1232 1339 1638 1316 1754 1044 1298 1927 1370 1539 1277 1121 1247 1058 1931 1751 1446 1128 1144 1789 1819 1029 1904 1689 1468 1667 BCNSPRNW ULIB Ver.6.0+V

เปลี่ยนเป็นภาษาไทย

Change to English
 แสดงรายละเอียดบรรณานุกรม
  กลับหน้าหลัก

Brief Record : Get Marc (ISO 2709) : E-mail record : QR code < ปิดหน้าต่าง
LEADER : 00000nam 2200000uu 4500
001    13399120840
003     ULIB
008    020711s2553 th a 000 0 tha d
020    9786167138121
090    นว.^bม124ส
100    มณีบุษย์
245    สัญญารัก พยาบาท /^cมณีบุษย์
260    กรุงเทพฯ :^bลีลา,^c2553
300    315 หน้า
945    ^p230^l0^i17047
999    ^aทศพร เกษรทอง
รายการนี้ยังไม่มีแท็ก
คุณยังไม่ได้ล็อกอิน คุณสามารถมีกิจกรรมร่วมกับเว็บไซต์ได้ แต่ต้องล็อกอินก่อน ::
  ล็อกอิน

รายการสื่อสารสนเทศ

ลำดับที่ ประเภท เลขเรียก/บาร์โค้ด สถานที่ สถานะ
1. นวนิยาย
นวนิยาย
นว. ม124ส  
  Barcode: 17047
ห้องสมุดวิทยาเขตสวรรค์ประชารักษ์
►นวนิยาย
บนชั้น
  ขอยืม

BibComment


ยังไม่เคยถูกคอมเมนท์

คอมเมนท์ทรัพยากรรายการนี้
  คอมเมนท์: สัญญารัก พยาบาท ..


 Copyright 2026. Bcnsprnw @Library